路線名 一覧クイズ 佐賀県 - Statistics

General Stats
  • This quiz has been taken 20 times
  • The average score is 9 of 9
Answer Stats
事業者名 答え 区間 % Correct
九州旅客鉄道(JR九州) 九州新幹線 新鳥栖
100%
九州旅客鉄道(JR九州) 西九州新幹線 武雄温泉〜嬉野温泉
100%
九州旅客鉄道(JR九州) 鹿児島本線 けやき台〜肥前旭
100%
九州旅客鉄道(JR九州) 長崎本線 鳥栖〜肥前大浦
100%
九州旅客鉄道(JR九州) 唐津線 久保田〜西唐津
100%
九州旅客鉄道(JR九州) 佐世保線 江北〜有田
95%
九州旅客鉄道(JR九州) 筑肥線 浜崎〜唐津、山本〜伊万里
95%
三セク② 西九州線(松浦鉄道) 有田~福島口
84%
三セク① 甘木線(甘木鉄道) 基山〜立野
79%
No matching quizzes found
Score Distribution
Percent of People with Each Score
Percentile by Number Answered
Your Score History
You have not taken this quiz